| 000 | 00673nam a2200217 a 4500 | ||
|---|---|---|---|
| 001 | BRL_923 | ||
| 005 | 20190320210944.0 | ||
| 008 | 241013s1981----mx-a######---#000-0#spa-# | ||
| 041 | _aspa | ||
| 044 | _amx | ||
| 050 | 4 |
_aF1386 _b.R49 1981 |
|
| 100 | 1 |
_aReyes H., Alfonso _925334 |
|
| 245 | 1 | 0 |
_aAjusco mirador de México _cAlfonso Reyes H. |
| 260 |
_aMéxico, D.F. _bDepartamento del Distrito Federal, Comisión Coordinadora para el Desarrollo Agropecuario del Distrito Federal _c1981 |
||
| 300 |
_a155 p. _bil., mapas _c23 cm. |
||
| 500 | _aAu1075 | ||
| 504 | _aBibliografía: p. 155 | ||
| 651 | 4 |
_aAjusco (México) _xHistoria _925335 |
|
| 902 | _aGRL | ||
| 942 |
_2lcc _cB |
||
| 999 |
_c9735 _d9735 |
||